000
00386nam a22001697a 4500
003
MPLRDC
005
20220104144255.0
008
210129b ||||| |||| 00| 0 eng d
082
_a
909.2 LZH
100
_a
李泽厚著
245
_a
美的历程
_c
250
_a
初版
260
_a
_b
中国社会科学出版社
_c
1986
300
_b
平
650
_a
942
_c
BK
_o
909.2 LZH
999
_c
48023
_d
48013